Towns and cities of French départements - Statistics

General Stats
  • This quiz has been taken 153 times
  • The average score is 14 of 20
Answer Stats
Town Département % Correct
Bordeaux Gironde
89%
Strasbourg Bas-Rhin
86%
Caen Calvados
82%
Nîmes Gard
80%
Versailles Yvelines
80%
Orléans Loiret
78%
Amiens Somme
72%
Rouen Seine-Maritime
71%
Lorient Morbihan
70%
Beauvais Oise
68%
Évry-Courcouronnes Essonne
66%
Évreux Eure
63%
Aurillac Cantal
62%
Guéret Creuse
61%
Mont-de-Marsan Landes
61%
Auxerre Yonne
58%
Verdun Meuse
56%
Alençon Orne
56%
Vichy Allier
54%
Cognac Charente
46%
No matching quizzes found
Score Distribution
Percent of People with Each Score
Percentile by Number Answered
Your Score History
You have not taken this quiz